000
00260nam a22001217a 4500
040
_c
SK
082
_a
658
100
_a
BUNTONG BORARIN
245
_a
Total quality control of agricultural products
260
_a
RUA
_b
BUN
_c
2011
300
_a
114p.
942
_c
EK
999
_c
9594
_d
9594